| 000 | 00928cam a2200313 a 4500 | ||
|---|---|---|---|
| 001 | 39815 | ||
| 005 | 20230411085955.0 | ||
| 008 | 830113s1982 quca 000 0 fre | ||
| 035 | _a(OCoLC)ocm15922733 | ||
| 040 |
_aNLC _bfre _cNLC _dOCL _dGZM |
||
| 016 | _a830006389 | ||
| 019 | _a10253277 | ||
| 020 |
_a2890402258 : _c$5,00 |
||
| 020 | _a9782890402256 | ||
| 029 | 0 |
_aNLC _b830006389 |
|
| 035 |
_a(OCoLC)15922733 _z(OCoLC)10253277 |
||
| 055 | 0 | 0 |
_a110 PQ 3949.2 _bT234n 1982 |
| 082 | 0 | 0 | _a841 |
| 049 | _aGRAL | ||
| 100 | 1 | _aTavernier, Janine | |
| 245 | 1 | 0 |
_aNaima, fille des dieux : _bpoemes / _cJanine Tavernier ; preface de Jean F. Brierre et Roger Dorsinville. |
| 260 |
_aSherbrooke, Québec : _bEditions Naaman, _c1982. |
||
| 300 |
_a75 p. : _bill. ; _c19 cm. |
||
| 440 | 0 |
_aCollection Creation ; _v113 |
|
| 650 | 4 | _aCEH | |
| 650 | 4 | _aColección Estudios Haitianos | |
| 942 |
_2lcc _cbk |
||
| 994 |
_aC0 _bDRFGD |
||
| 999 |
_c110293 _d110293 |
||